000 00912nam a22002657a 4500
001 7153
003 FISKH
005 20250630102009.0
008 250630b cb ||||| |||| 00| 0 eng d
020 _a9788956354064
040 _aFISKH
_beng
_cFISKH
_dFISKH
050 _aPZ7
082 _a398.2
100 _aGrimm, Brothers
245 _aThe six servants /
_cBrothers Grimm
260 _aSeoul :
_bE-Future,
_c2009.
300 _a34 pages :
_bcolor illustrations ;
_c21 cm
505 _aN
520 _aA young prince sets out to rescue a beautiful princess imprisoned by a wicked queen. However, the queen gives impossible tasks to any suitor who wishes to marry her, and those who fail are put to death.
521 8 _a540
_bLexile estimate
521 8 _aN
_bRaz-Plus
650 _aHero’s journey
_vFairy tale adventure
_xPrincess and prince
942 _2ddc
_cBK
_n0
999 _c7153
_d7153